000 00430nam a22001817a 4500
003 NUST
020 _a978-81-203-11381
038 _aKhadija
082 _a658.5
_bNAR
100 _a Narasimhan, Seetharama L
_985292
245 _aProduction Planning & Inventory Control
250 _a2nd
260 _aNew Delhi :
_bPHI Learning,
_c2010.
300 _a716 p. ;
500 _aPaperback.
563 _aPB
942 _cBK
_2ddc
999 _c32838
_d32838